000 00470nam a2200157Ia 4500
999 _c35400
_d35400
003 OSt
005 20201216121311.0
008 190216s9999||||xx |||||||||||||| ||und||
040 _coclc
082 _a658.314
_bMEH/H
100 _aMehta, Y P
_97584
245 0 _aHow To Take Disciplinary Action Against Employees /
_cY P Mehta
260 _bNew Law Traders,
_aDelhi:
_c1980.
300 _a135p
942 _cREF
_2ddc
_h658.314
_iMEH/H
_k658.314
_mMEH/H